Vista normal
Vista MARC
Entrada Nombre corporativo
Número de registros utilizados en: 117
001 - NÚMERO DE CONTROL
- Campo de control: 3272
003 - IDENTIFICADOR DE NÚMERO DE CONTROL
- Campo de control: ES-MaCES
005 - FECHA Y HORA DE LA ULTIMA MODIFICACION
- Campo de control: 20081215102800.0
008 - ELEMENTOS DE DATOS DE LONGITUD FIJA
- Campo de longitud fija: 081215 | azznnaabn || ana d
035 ## - NÚMERO DE CONTROL DEL SISTEMA
- Número de control del sistema: CES20080001641e
040 ## - FUENTE DE LA CATALOGACIÓN
- Agencia original de catalogación: ES-MaCES
- Idioma de catalogación: spa
- Agencia de transcripción: ES-MaCES
110 2# - ENCABEZAMIENTO--NOMBRE CORPORATIVO
- Nombre corporativo o de jurisdicción como elemento de entrada: España
- Unidad subordinada: Ministerio de Trabajo e Inmigración
410 1# - TRAZADO VEÁSE--NOMBRE CORPORATIVO
- Nombre corporativo o de jurisdicción como elemento de entrada: España
- Unidad subordinada: Subsecretaría de Trabajo e Inmigración
- Unidad subordinada: Subdirección General de Estadística
510 2# - TRAZADO VEÁSE ADEMÁS--NOMBRE CORPORATIVO
- Nombre corporativo o jurisdicción como elemento de entrada: España
- Unidad subordinada: Ministerio de Empleo y Seguridad Social
670 ## - FUENTE DE DATOS ENCONTRADOS
- Fuente de citación: CD del CES
901 ## - CES. DATOS SIRTEX
- ID Sirtex (N5N8): 0001800007158
- 005BIS Sirtex: 200812151028ALORITE

